Viac ako len katalóg

Akým spôsobom sa prezentuje na slovenskom internete spoločnosť IKEA. Aké služby a informácie na svojej stránke prináša.

Salvato in:
Dettagli Bibliografici
Autore principale: Obuch, Jozef
Natura: Capitolo di libro
Lingua:slovacco
Soggetti:
Tags: Aggiungi Tag
Nessun Tag, puoi essere il primo ad aggiungerne!!

MARC

LEADER 00000naa$a2200000$$$4500
001 0002308
005 20231003080307.8
041 0 |a slo 
044 |a SK 
245 1 0 |a Viac ako len katalóg  |c aut. Jozef Obuch 
520 |a Akým spôsobom sa prezentuje na slovenskom internete spoločnosť IKEA. Aké služby a informácie na svojej stránke prináša. 
610 2 0 |a reklama 
610 2 0 |a internet 
610 2 0 |a prostriedky reklamné 
610 2 0 |a IKEA 
100 1 |a Obuch, Jozef